| 000 | 00693cam a22002171i 4500 | ||
|---|---|---|---|
| 003 | SA-RiAUC | ||
| 005 | 20250421073858.0 | ||
| 008 | 250328s1959 ua g e f000 0 ara c | ||
| 040 |
_aSA-RiKSU _bara _cSA-RiAUC _erda |
||
| 082 | 0 | 4 | _a031 |
| 090 |
_a031 _b د ا ئ |
||
| 245 | 0 | 0 | _aدائرة معارف الشعب. |
| 264 | 1 |
_aالقاهرة : _bدار الشعب، _c1959 |
|
| 300 |
_a2 مجلد في 1 ؛ _c28 سم |
||
| 336 |
_aنص _btxt _2rdacontent _3كتاب |
||
| 337 |
_aبدون وسيط _bn _2rdamedia |
||
| 338 |
_aمجلد _bnc _2rdacarrier |
||
| 650 | 7 |
_aدوائر المعارف العربية _2aucsh |
|
| 942 |
_2ddc _cBOOK _n0 |
||
| 949 |
_aSA-JeALM _d250328 _umohamedma123 _n1 |
||
| 999 |
_c7249 _d7249 |
||